| 000 | 02058 a2200253 4500 | ||
|---|---|---|---|
| 999 |
_c352168 _d352168 |
||
| 003 | OSt | ||
| 005 | 20180116192325.0 | ||
| 008 | 110810t2003 xxu||||| |||| 00| 0 eng d | ||
| 020 | _a9040724652 (paperback) | ||
| 020 | _a9789040724657 (paperback) | ||
| 040 | _c0 | ||
| 082 | 0 | 4 | _a720.47 |
| 100 | 1 |
_aHartog, Johannes Peter Den. _939 |
|
| 245 | 1 | 0 |
_aDesigning indoor climate : _ba thesis on the integration of indoor climate analysis in architectural design / _cJohannes Peter Den Hartog. |
| 260 |
_a[S.l.] : _bDelft Univ Pr, _c2003. |
||
| 300 |
_a229 p. ; _c24 cm. |
||
| 520 | _aThis is a Ph.D. dissertation. In contemporary architecture education, indoor climate and building installations suffer from a lack of popularity. Students of architecture, filled with great expectations and awe for the famous designers of the 20th century, find inspiration in examples such as Le Corbusier's Villa Savoy, Lloyd Wright's falling water or the Rietveld's Schroder house. Recognizable as this may be, great aesthetics constitute only a small part of creating architecture. The process of designing and constructing buildings comprises the involvement of a multitude of skills such as creating clear functional layouts, designing solid structures and taking care healthy indoor climates. Most textbooks and magazines contemporary architecture do not cover the less attractive aspects of the indoor climate such as heating, ventilation and cooling unless these services form an important part of the buildings aesthetic identity. Recent examples regarding the integ! ration of second skin facades and natural ventilation in indoor climate, sometimes fail to convince as a result of the lack of thorough evaluations and detailed information. | ||
| 650 |
_aArchitecture and climate _940 |
||
| 650 |
_aDwellings _xEnvironmental engineering _941 |
||
| 650 |
_aHousing and health _942 |
||
| 856 | 4 | 0 |
_3Amazon.com _uhttp://www.amazon.com/exec/obidos/ASIN/9040724652/chopaconline-20 |
| 942 |
_2ddc _cBK |
||